Совершенствование процессов абразивно-алмазной и упрочняющей обработки в машиностроении: межвузовский сборник научных трудов

Bibliografiska uppgifter
Institutionell upphovsman: Пермский политехнический институт
Övriga upphovsmän: Иванкин Ю. Н. (редактор)
Språk:ryska
Publicerad: Пермь, Пермский политехнический инст-т, 1986
Ämnen:
Materialtyp: Bok
KOHA link:https://koha.lib.tpu.ru/cgi-bin/koha/opac-detail.pl?biblionumber=104187

MARC

LEADER 00000nam0a2200000 4500
001 104187
005 20231031113900.0
035 |a (RuTPU)RU\TPU\book\112304 
090 |a 104187 
100 |a 20061028d1986 k y0rusy50 ca 
101 0 |a rus 
102 |a RU 
105 |a a z 001zy 
200 1 |a Совершенствование процессов абразивно-алмазной и упрочняющей обработки в машиностроении  |e межвузовский сборник научных трудов  |f Пермский политехнический институт; под ред. Ю. Н. Иванкина 
210 |a Пермь  |c Пермский политехнический инст-т  |d 1986 
215 |a 160 с.  |c ил. 
320 |a Библиогр. в конце ст. 
610 1 |a абразивная обработка 
610 1 |a сборники 
610 1 |a алмазная обработка 
610 1 |a машиностроение 
675 |a 621.922  |v 3 
702 1 |a Иванкин  |b Ю. Н.  |4 340 
712 0 2 |a Пермский политехнический институт  |2 stltpush  |3 (RuTPU)RU\TPU\col\7911 
801 1 |a RU  |b 63413507  |c 20061028  |g PSBO 
801 2 |a RU  |b 63413507  |c 20150825  |g PSBO 
942 |c BK